The Conservation of Wildlife and Natural Habitats in Central and East Africa (Record no. 590674)
[ view plain ]
| 000 -LEADER | |
|---|---|
| fixed length control field | 00525nam a2200145Ia 4500 |
| 008 - FIXED-LENGTH DATA ELEMENTS--GENERAL INFORMATION | |
| fixed length control field | 100415s9999 xx 000 0 und d |
| 082 ## - DEWEY DECIMAL CLASSIFICATION NUMBER | |
| Item number | 7722 |
| Classification number | 719.676 |
| 100 ## - MAIN ENTRY--PERSONAL NAME | |
| Personal name | Huxley Julian |
| 245 ## - TITLE STATEMENT | |
| Title | The Conservation of Wildlife and Natural Habitats in Central and East Africa |
| 260 ## - PUBLICATION, DISTRIBUTION, ETC. (IMPRINT) | |
| Place of publication, distribution, etc | PARIS |
| Date of publication, distribution, etc | 1961 |
| Name of publisher, distributor, etc | UNESCO |
| 365 ## - TRADE PRICE | |
| Price amount | 0 |
| 630 ## - SUBJECT ADDED ENTRY--UNIFORM TITLE | |
| Uniform title | The Conservation of Wildlife and Natural Habitats in Central and East Africa |
| 730 ## - ADDED ENTRY--UNIFORM TITLE | |
| Uniform title | The Conservation of Wildlife and Natural Habitats in Central and East Africa |
| 942 ## - ADDED ENTRY ELEMENTS (KOHA) | |
| Koha item type | Book |
| Withdrawn status | Lost status | Damaged status | Not for loan | Home library | Current library | Date acquired | Cost, normal purchase price | Total Checkouts | Full call number | Barcode | Date last seen | Price effective from | Koha item type |
|---|---|---|---|---|---|---|---|---|---|---|---|---|---|
| Bombay Natural History Society | Bombay Natural History Society | 06/02/1998 | 0.00 | 719.676 7722 | BNHS-7722 | 04/15/2010 | 04/15/2010 | Book |